000 00934nam a2200325 a 4500
003 AR-BaBNM
005 20251128203018.0
008 082120s2002 ||||||||||||||000 | spa||
040 _cAR-BaBNM
245 0 0 _aHistoria universal
_bla edad media hasta el final de los Staufen [400-1250]. 3
250 _a6ª ed.
260 _aMadrid
_bEspasa-Calpe
_c1962
300 _a822 p.
_bláms.,il., mapas, tablas
500 _aContiene tablas cronológicas p. 689-735
500 _aIndíce alfabético p. 737-822
650 4 _aHISTORIA MEDIEVAL
650 4 _aRELIGION
650 4 _aECONOMIA
650 4 _aSOCIEDAD
650 4 _aCAMBIO CULTURAL
650 4 _aHISTORIA BIZANTINA
650 4 _aISLAM
650 4 _aCRISTIANISMO
650 4 _aHISTORIA ASIATICA
650 4 _aHISTORIA DE LAS RELIGIONES
700 1 _aGoetz, Walter
_edirector
700 1 _aGarcía Morente, Manuel
_etraductor
942 _cBK
998 _cmariana
999 _c1509
_d1509